Statistics for Disney and Pixar Films scrammbled

Click here to take the quiz!

General Stats

  • This quiz has been taken 1,408 times
    (1,398 since last reset)
  • The average score is 13 of 15

Answer Stats

HintAnswer% Correct
YTO TOYRS 2TOY STORY 2
99%
RCASCARS
98%
HET NIRECBLIDESTHE INCREDIBLES
97%
DLAADNIALADDIN
96%
LOTBBOLT
94%
LAUMNMULAN
93%
LACIE NI OWDNRENDALALICE IN WONDERLAND
87%
VEABRBRAVE
87%
DYLA NDA HET PATRMLADY AND THE TRAMP
85%
EKRCW TI HALRPWRECK IT RALPH
80%
YBTEUA DAN ETH ATBESBEAUTY AND THE BEAST
78%
ARLEDINCELCINDERELLA
74%
OUATARLLIETRATATOUILLE
74%
HET PMERORSE WNE OVORGTHE EMPERORS NEW GROOVE
67%
CLUHREESHERCULES
66%

Score Distribution

Percentile by Number Answered

Percent of People with Each Score

Your Score History

You have not taken this quiz since the last reset